000 00461cam a2200181ua 4500
041 _aeng
_h
082 _a532.54
_bHEN/OP
100 _aHenderson, F M.
245 _aOpen channel flow /
_cF M Henderson.
_hTextual Documents
250 _a1 /
_b.
260 _aNew York :
_bMcMillan Publishing Co ,
_c1966.
300 _a522 ; .
440 0 _aMcMillan Series,
_v
_x;
490 0 _aMcMillan Series,
_v
_x;
504 _a
942 _cBK
999 _c7345
_d7345